00313nam a2200109 a 450000500170000000800410001702000150005824500780007326000220015199900170017304000130019020200930080247.0120321s1985 000 spa d a8400060040 0aMapa de suelos, escala 1:100.000 de la zona situada al sur del rio Duero. aSalamanca,c1985. c36767d36767 aDO-SdBNP